Analog Circuit Design Discrete and Integrated (Record no. 5871)
[ view plain ]
| 000 -LEADER | |
|---|---|
| fixed length control field | 00268nam a2200109Ia 4500 |
| 020 ## - INTERNATIONAL STANDARD BOOK NUMBER | |
| ISBN | 978-93-5316-203-0 |
| 100 ## - MAIN ENTRY--AUTHOR NAME | |
| Personal name | Sergio Franco |
| 245 #0 - TITLE STATEMENT | |
| Title | Analog Circuit Design Discrete and Integrated |
| 260 ## - PUBLICATION, DISTRIBUTION, ETC. (IMPRINT) | |
| Place of publication | New Delhi |
| Name of publisher | Mc Graw Hill |
| Year of publication | 2018 |
| 300 ## - PHYSICAL DESCRIPTION | |
| Number of Pages | 847 |
| 942 ## - ADDED ENTRY ELEMENTS (KOHA) | |
| Koha item type | Books |
| Withdrawn status | Lost status | Collection code | Permanent Location | Current Location | Shelving location | Date acquired | Full call number | Accession Number | Koha item type |
|---|---|---|---|---|---|---|---|---|---|
| | | CSE | MAJU | MAJU | Shelf No.A31 | 2019-10-21 | 621.38 | 9280 | Computer System Engineering |